|
|
|
|
| LEADER |
00000cam a2200000 7i4500 |
| 001 |
0000002386 |
| 005 |
20030604.0 |
| 020 |
0 |
0 |
|a 9971902664
|
| 090 |
0 |
0 |
|a 338.17368
|b TAN 1983
|
| 100 |
1 |
0 |
|a TAN
|h Koonlin
|
| 245 |
1 |
4 |
|a The swamp-sago industry in West Malaysia :
|b a study of the Sungei Batu Pahat floodplain
|c Tan Koonlin
|
| 260 |
0 |
0 |
|a Singapore :
|b Institute of Southeast Asian Studies ,
|c 1983
|
| 300 |
|
|
|a xvi, 174 p. :
|b ill., maps ;
|c 23 cm.
|
| 500 |
0 |
0 |
|a Bibliography: p. 158-174
|
| 650 |
0 |
0 |
|a Swamp sago industry
|z Malaysia
|
| 998 |
|
|
|a JPSM
|
| 999 |
|
|
|a 0000004245
|b Monograph
|c Open Shelf
|e Default branch
|